书目信息 |
| 题名: |
周易参同契释义
|
|
| 作者: | 任法融 著 | |
| 分册: | ||
| 出版信息: | 北京 东方出版社 2009.04 |
|
| 页数: | 427, [2] 页图版 | |
| 开本: | 21cm | |
| 丛书名: | 任法融道家典籍释义丛书 | |
| 单 册: | ||
| 中图分类: | B234.992 | |
| 科图分类: | ||
| 主题词: | 道教--dao jiao--气功 | |
| 电子资源: | ||
| ISBN: | 978-7-5060-3452-4 | |
| 000 | 00939nam 2200265 450 | |
| 001 | 012009712535 | |
| 005 | 20090622150525.37 | |
| 010 | @a978-7-5060-3452-4@b精装@dCNY38.00 | |
| 100 | @a20090622d2009 em y0chiy0120 ea | |
| 101 | 0 | @achi |
| 102 | @aCN@b110000 | |
| 105 | @aacfhz 000yy | |
| 106 | @ar | |
| 200 | 1 | @a周易参同契释义@Azhou yi can tong qi shi yi@f任法融著@Fren fa rong zhu |
| 210 | @a北京@c东方出版社@d2009.04 | |
| 215 | @a427, [2] 页图版@c图, 肖像, 摹真@d21cm | |
| 225 | 2 | @a任法融道家典籍释义丛书@Aren fa rong dao jia dian ji shi yi cong shu |
| 330 | @a《周易参同契》为东汉时魏伯阳锁住是一部探索人体内在奥秘,破译生命密码,使人延年益寿的旷世奇书。 | |
| 410 | 0 | @12001 @a任法融道家典籍释义丛书 |
| 605 | @a周易参同契@Azhou yi can tong qi@x注释 | |
| 606 | 0 | @a道教@Adao jiao@x气功 |
| 690 | @aB234.992@v4 | |
| 701 | 0 | @a任法融@Aren fa rong@4著 |
| 801 | 0 | @aCN@bQSSK@c20090622 |
| 905 | @b746063-65@dB234.992@eR455@f3 | |
| 周易参同契释义/任法融著.-北京:东方出版社,2009.04 |
| 427, [2] 页图版:图, 肖像, 摹真;21cm.-(任法融道家典籍释义丛书) |
| ISBN 978-7-5060-3452-4(精装):CNY38.00 |
| 《周易参同契》为东汉时魏伯阳锁住是一部探索人体内在奥秘,破译生命密码,使人延年益寿的旷世奇书。 |
| ● |
| 相关链接 |
|
|
|
正题名:周易参同契释义
索取号:B234.992/R455
 
预约/预借
| 序号 | 登录号 | 条形码 | 馆藏地/架位号 | 状态 | 备注 |
| 1 | 746063 | 207460638 | 社科库509/509社科库 14排3列3层/ [索取号:B234.992/R455] | 在馆 | |
| 2 | 746064 | 207460647 | 社科库509/509社科库 14排3列3层/ [索取号:B234.992/R455] | 在馆 | |
| 3 | 746065 | 207460656 | 社科库509/509社科库 14排3列3层/ [索取号:B234.992/R455] | 在馆 |